header

The challenge of pluralism (Record no. 191566)

MARC details
000 -LEADER
fixed length control field 01711nam a2200397 a 4500
082 04 - DEWEY DECIMAL CLASSIFICATION NUMBER
Classification number 305.697
245 04 - TITLE STATEMENT
Title The challenge of pluralism
260 ## - PUBLICATION, DISTRIBUTION, ETC. (IMPRINT)
Place of publication Edinburgh :
Name of publisher Edinburgh University Press in association with the Aga Khan University, Insititute for the Study of Muslim Civilisations,
Year of publication c2009.
300 ## - PHYSICAL DESCRIPTION
Number of Pages 122 p.
490 1# - SERIES STATEMENT
Series statement Exploring Muslim contexts
505 0# - FORMATTED CONTENTS NOTE
Formatted contents note pt. 1. The heritage : historical contexts -- pt. 2. Contemporary thought.
650 #0 - SUBJECT ADDED ENTRY--TOPICAL TERM
Topical Term Cultural pluralism in Islam.
Topical Term Islamic civilization.
Topical Term Muslims
700 1# - ADDED ENTRY--PERSONAL NAME
Personal name Filali-Ansary, Abdou.
Personal name Ahmed, Sikeena Karmali.
856 40 - ELECTRONIC LOCATION AND ACCESS
Uniform Resource Identifier http://site.ebrary.com/lib/rucke/Doc?id=10391764

No items available.

© 2026 Rongo University
Contact us: librarian | system librarian | Rongo university